Les joueurs les plus décisifs par saison en ligue des champions - Statistiques

Statistiques générales
  • Ce quiz a été pris 106 fois
  • Le résultat moyen est 16 sur 20
Statistiques - réponses
Année But Passe décisive Total Joueur % Correct
2007 - 2008 8 1 9 Cristiano Ronaldo
99%
2012 - 2013 12 1 13 Cristiano Ronaldo
99%
2013 - 2014 17 4 21 Cristiano Ronaldo
99%
2015 - 2016 16 4 20 Cristiano Ronaldo
99%
2016 - 2017 12 5 17 Cristiano Ronaldo
99%
2008 - 2009 9 5 14 Lionel Messi
98%
2010 - 2011 12 3 15 Lionel Messi
98%
2011 - 2012 14 6 20 Lionel Messi
98%
2014 - 2015 10 5 15 Lionel Messi
98%
2018 - 2019 12 3 15 Lionel Messi
98%
2020 - 2021 10 2 12 Erling Haaland
91%
2022 - 2023 12 1 13 Erling Haaland
91%
2021 - 2022 15 2 17 Karim Benzema
91%
2019 - 2020 15 5 20 Robert Lewandowski
83%
2006 - 2007 10 3 13 Kaka
61%
2005 - 2006 7 5 12 Ronaldinho
55%
2023 - 2024 8 4 12 Harry Kane
45%
2017 - 2018 10 8 18 Roberto Firmino
43%
2009 - 2010 3 7 10 Wesley Sneijder
33%
2004 - 2005 7 3 10 Adriano
6%
Aucun quiz correspondant
Distribution des résultats
% des personnes avec chaque résultat
Percentile par nombre de réponses
Votre historique - résultats
Vous n’avez pas pris ce quiz